000 00684nam a22002177a 4500
999 _c17378
_d17378
003 AR-CdUCM
008 190312b ||||| |||| 00| 0 spa d
040 _aMUNICIPALIDAD PROVINCIAL DEL CUSCO
_cBIBLIOTECA MUNICIPAL DEL CUSCO
041 _heng
082 _a923.2 /
_bK41
100 _akennedy, Jhon F.
_937361
245 _aPerfiles de coraje /
260 _aBarcelona :
_bPlaza janes,
_c1964.
300 _a239 páginas ;
_c20 cm.
505 _aContenido: El tiempo y el lugar -- El valor y los políticos -- El momento y el lugar...
650 _aHistoria
_9136
650 _avalores
_95705
650 _aComportamiento humano
_937362
942 _2ddc
_cLIBROS
945 _arcc